| 000 | 00666cam a22002291 4500 | ||
|---|---|---|---|
| 001 | ne 68000959 | ||
| 003 | DLC | ||
| 005 | 20260227111839.0 | ||
| 008 | 890402s1958 xx 000 0 per | ||
| 010 | _ane 68000959 | ||
| 035 | _a(OCoLC)23555572 | ||
| 040 |
_aDLC _cMiU _dDLC |
||
| 043 | _aa-ir--- | ||
| 050 | 0 | 0 |
_aDS298 _b.L5 |
| 100 | 1 |
_aSipihr, Muḥammad Taqī, _d1801 or 1802-1879 or 1880. |
|
| 245 | 1 | 0 | _aNāsikh al-tavārīkh, dawrah-ʼi kāmil-i tārīkh-i Qājārīyah. |
| 260 | _c[1958 or 9] | ||
| 300 |
_a3 v. in 1. _c25 cm. |
||
| 500 | _aRomanized. | ||
| 651 | 0 |
_aIran _xHistory _yQajar dynasty, 1794-1925. |
|
| 700 | 1 | _aQāʼimmaqāmī, Jahāngīr. | |
| 999 |
_c50206 _d50206 |
||